Metal and Hardrock albums of 1993 - Statistics

General Stats
  • This quiz has been taken 118 times
  • The average score is 25 of 100
Answer Stats
Hint Answer % Correct
1 Chaos A.D. Sepultura
87%
83 Live Shit: Binge & Purge Metallica
83%
8 Heartwork Carcass
74%
35 Alive III Kiss
70%
92 Sound Of White Noise Anthrax
65%
68 Emperor (EP) Emperor
65%
16 Aske (EP) Burzum
61%
40 Det Som Engang Var Burzum
61%
32 Crowbar Crowbar
61%
57 Covenant Morbid Angel
61%
64 Bloody Kisses Type O Negative
61%
89 Wolverine Blues Entombed
57%
3 Bastards Motörhead
57%
56 Individual Thought Patterns Death
52%
36 Undertow Tool
52%
48 Under A Funeral Moon Darkthrone
48%
100 Grin Coroner
43%
34 Return To Apocalyptic City (EP) Testament
43%
71 Objection Overruled Accept
39%
63 In The Shadows Mercyful Fate
39%
50 Sleep's Holy Mountain Sleep
39%
46 Thrall-Demonsweatlive (EP) Danzig
35%
51 Indecent & Obscene Dismember
35%
17 Pure Holocaust Immortal
35%
98 Ugra-Karma Impaled Nazarene
35%
62 Those Of The Unlight Marduk
35%
47 I Hear Black Overkill
35%
59 Icon Paradise Lost
35%
81 The Somberlain Dissection
30%
6 Chameleon Helloween
30%
42 Sex & Religion Steve Vai
30%
84 Live: Right Here, Right Now Van Halen
30%
27 The Outer Limits Voivod
30%
85 Set The World On Fire Annihilator
26%
65 The Battle Rages On Deep Purple
26%
74 Hanging In The Balance Metal Church
26%
29 Thy Mighty Contract Rotting Christ
26%
4 Edge Of Thorns Savatage
26%
22 Breeding The Spawn Suffocation
26%
86 Drawing Down The Moon Beherit
22%
60 Gods Of War Blasphemy
22%
90 The Ethereal Mirror Cathedral
22%
5 Hordanes Land (EP) Enslaved
22%
12 Insanity And Genius Gamma Ray
22%
13 Turn Loose The Swans My Dying Bride
22%
67 Jonah's Ark Skyclad
22%
70 Across The Open Sea Unleashed
22%
38 Angels Cry Angra
17%
79 With Fear I Kiss The Burning Darkness At The Gates
17%
76 Matando Güeros Brujeria
17%
43 Focus Cynic
17%
73 Retro Active Def Leppard
17%
55 Nespithe Demilich
17%
15 Take As Needed For Pain Eyehategod
17%
97 War Of Words Fight
17%
20 The Erosion Of Sanity Gorguts
17%
53 River Runs Red Life Of Agony
17%
93 Superjudge Monster Magnet
17%
37 Enemy Of The Sun Neurosis
17%
69 Spheres Pestilence
17%
80 The Missing Link Rage
17%
18 Face The Heat Scorpions
17%
30 Diabolical Summoning Sinister
17%
99 Elements Atheist
13%
9 The Sins Of Mankind Cancer
13%
24 Parallel Minds Conception
13%
33 The Spectral Sorrows Edge Of Sanity
13%
26 Dance Of December Souls Katatonia
13%
21 Göetia Mystifier
13%
61 Nightbreaker Riot
13%
44 Scorn Defeat Sigh
13%
95 Osculum Obscenum Hypocrisy
9%
54 Sinister Slaughter Macabre
9%
87 Rhymes Of Lunacy Memento Mori
9%
77 Odium Morgoth
9%
52 Bump Ahead Mr. Big
9%
91 Independent Sacred Reich
9%
41 Above The Light Sadist
9%
39 North From Here Sentenced
9%
23 His Majesty At The Swamp Varathron
9%
88 Pull Winger
9%
78 Screams And Whispers Anacrusis
4%
28 Transcend The Rubicon Benediction
4%
2 Screams Of Anguish Brutality
4%
14 Skydancer Dark Tranquillity
4%
72 Transcendence Into The Peripheral Disembowelment
4%
49 The Reaper Grave Digger
4%
66 Cereal Killer Soundtrack Green Jelly
4%
45 Stain Living Colour
4%
25 The Nocturnal Silence Necrophobic
4%
82 Apocalypse Inside Sacrifice
4%
94 In The Forest Of The Dreaming Dead Unanimated
4%
58 Will Work For Food Uncle Slam
4%
7 Dimensions Believer
0%
31 Nemesis Obliveon
0%
19 The Heritage Protector
0%
75 Inhaler Tad
0%
10 Leaving The Past Behind Tad Morose
0%
96 Exposed Vince Neil
0%
11 Nothing To Gain Vio-Lence
0%
No matching quizzes found
Score Distribution
Percent of People with Each Score
Percentile by Number Answered
Your Score History
You have not taken this quiz